Siirry sisältöön

Структурно-параметрический синтез программных систем моделирования технологического оборудования химической промышленности на основе аналитических решений задач математической физики

Посвящена вопросам проектирования программного обеспечения, реализующего решения задач моделирования технических систем на основе аналитических решений уравнений математической физики. Предназначена для студентов и аспирантов, научных работников в области инженерии программного обеспечения, професси...

Täydet tiedot

Tallennettuna:
Bibliografiset tiedot
Päätekijä: Алексеев С. Ю.
Aineistotyyppi: Книга
Kieli:Russian
Julkaistu: Тамбов ТГТУ 2019
Linkit:https://e.lanbook.com/book/320021
https://e.lanbook.com/img/cover/book/320021.jpg
Tagit: Lisää tagi
Ei tageja, Lisää ensimmäinen tagi!
LEADER 02324nam0a2200289 i 4500
001 320021
003 RuSpLAN
005 20240216150941.0
008 240216s2019 ru gs 000 0 rus
020 |a 978-5-8265-2074-1 
040 |a RuSpLAN 
041 0 |a rus 
044 |a ru 
080 |a 004.94 
084 |a 32.972.1  |2 rubbk 
245 0 0 |a Структурно-параметрический синтез программных систем моделирования технологического оборудования химической промышленности на основе аналитических решений задач математической физики  |c Алексеев С. Ю. 
260 |a Тамбов  |b ТГТУ  |c 2019 
300 |a 108 с. 
500 |a Рекомендовано Научно-техническим советом федерального государственного бюджетного образовательного учреждения высшего образования «Тамбовский государственный технический университет» в качестве монографии 
504 |a Библиогр.: доступна в карточке книги, на сайте ЭБС Лань 
520 8 |a Посвящена вопросам проектирования программного обеспечения, реализующего решения задач моделирования технических систем на основе аналитических решений уравнений математической физики. Предназначена для студентов и аспирантов, научных работников в области инженерии программного обеспечения, профессиональных разработчиков программного обеспечения для технических систем 
521 8 |a Книга из коллекции ТГТУ - Информатика 
521 8 |a СЭБ 
100 1 |a Алексеев С. Ю. 
856 4 |u https://e.lanbook.com/book/320021 
856 4 8 |u https://e.lanbook.com/img/cover/book/320021.jpg 
953 |a https://e.lanbook.com/img/cover/book/320021.jpg